000 00267nam a2200133Ia 4500
100 _aEMC
942 _cRB
366 _f10
654 _adata science
245 _aData science and Big data analytics
260 _bWiley
_c2015
300 _a410
546 _aENGLISH
999 _c22788
_d22788